[Event "Mittelfranken-chTB1 1718"]
[Site "Mittelfranken"]
[Date "2017.11.19"]
[Round "3.2"]
[White "Roeber, Juergen"]
[Black "Engelmann, Wolfgang"]
[Result "1/2-1/2"]
[WhiteElo "2001"]
[BlackElo "2038"]
[PlyCount "72"]
[EventDate "2017.10.08"]
[EventType "team-tourn"]
[EventRounds "9"]
[EventCountry "GER"]
[SourceTitle "EXT 2022"]
[Source "ChessBase"]
[SourceDate "2021.10.06"]
[SourceVersion "1"]
[SourceVersionDate "2021.10.06"]
[SourceQuality "1"]
[WhiteTeam "Postbauer Heng"]
[BlackTeam "Rothenburg"]
[WhiteTeamCountry "GER"]
[BlackTeamCountry "GER"]

1. e4 c5 2. c3 d5 3. exd5 Qxd5 4. d4 e5 5. dxe5 Qxe5+ 6. Be2 Nf6 7. Nf3 Qd5 8. Qxd5 Nxd5 9. 0-0 Be7 10. Re1 Nc6 11. Na3 a6 12. Bc4 Nf6 13. Bg5 0-0 14. Ne5 Nxe5 15. Rxe5 Bd6 16. Bxf6 gxf6 17. Rd5 Be7 18. Re1 Be6 19. Rd2 Rad8 20. Rde2 Bxc4 21. Nxc4 Rfe8 22. Nb6 Rd6 23. Nc8 Rxc8 24. Rxe7 b5 25. f4 Rcd8 26. Kf2 Rd2+ 27. R1e2 c4 28. g3 Kg7 29. Rxd2 Rxd2+ 30. Re2 Rd6 31. Ke1 f5 32. Rd2 Rxd2 33. Kxd2 Kf6 34. Ke3 Ke6 35. Kd4 Kd6 36. h3 h5 1/2-1/2

[Event "Mittelfranken-chTB1 1617"]
[Site "Mittelfranken"]
[Date "2017.01.22"]
[Round "5.1"]
[White "Weber, Daniel"]
[Black "Engelmann, Wolfgang"]
[Result "1-0"]
[WhiteElo "2061"]
[BlackElo "2040"]
[PlyCount "81"]
[EventDate "2016.10.23"]
[EventType "team-tourn"]
[EventRounds "9"]
[EventCountry "GER"]
[SourceTitle "EXT 2022"]
[Source "ChessBase"]
[SourceDate "2021.10.06"]
[SourceVersion "1"]
[SourceVersionDate "2021.10.06"]
[SourceQuality "1"]
[WhiteTeam "Bechhofen"]
[BlackTeam "Rothenburg"]
[WhiteTeamCountry "GER"]
[BlackTeamCountry "GER"]

1. e4 c5 2. Nc3 Nc6 3. Bb5 Nd4 4. Bc4 g6 5. Nge2 Bg7 6. 0-0 e6 7. d3 Ne7 8. Bg5 h6 9. Bh4 0-0 10. Qd2 g5 11. Bg3 e5 12. Nxd4 cxd4 13. Nd5 Ng6 14. c3 dxc3 15. bxc3 d6 16. Rab1 Kh8 17. Ne3 Rb8 18. d4 Nf4 19. dxe5 Bxe5 20. Nd5 Be6 21. Bb3 Bxd5 22. Bxd5 b6 23. c4 Qf6 24. Qd1 Rbc8 25. Rb3 Rc7 26. Re1 Nxd5 27. cxd5 Rfc8 28. Rf3 Qg7 29. Bxe5 Qxe5 30. Rf5 Qb2 31. Qh5 Kg7 32. h4 f6 33. Kh2 Rc2 34. Qg4 R8c7 35. Qg3 Qb4 36. f4 R7c3 37. Qg4 Rh3+ 38. Qxh3 Qxe1 39. hxg5 hxg5 40. fxg5 Rc3 41. gxf6+ 1-0

[Event "Mittelfranken-chTB2a 1415"]
[Site "Mittelfranken"]
[Date "2015.01.25"]
[Round "5.1"]
[White "Engelmann, Wolfgang"]
[Black "Lutz, Thomas"]
[Result "1-0"]
[WhiteElo "2075"]
[BlackElo "1910"]
[PlyCount "57"]
[EventDate "2014.09.28"]
[EventType "team-tourn"]
[EventRounds "9"]
[EventCountry "GER"]
[SourceTitle "EXT 2020"]
[Source "ChessBase"]
[SourceDate "2019.10.17"]
[SourceVersion "1"]
[SourceVersionDate "2019.10.17"]
[SourceQuality "1"]
[WhiteTeam "Rothenburg"]
[BlackTeam "Bechhofen II"]
[WhiteTeamCountry "GER"]
[BlackTeamCountry "GER"]

1. d4 c5 2. d5 Nf6 3. c4 d6 4. Nc3 g6 5. e4 Bg7 6. Bd3 0-0 7. f4 Ne8 8. Nf3 Bg4 9. 0-0 f5 10. h3 fxe4 11. Nxe4 Bxf3 12. Qxf3 Na6 13. Ng5 Nac7 14. Nxh7 Kxh7 15. Qh5+ Kg8 16. Bxg6 Bd4+ 17. Kh1 Nf6 18. Qg5 Rf7 19. Bd2 Rg7 20. Rae1 Bxb2 21. f5 b5 22. Rf4 Be5 23. Rh4 Qf8 24. Rh6 Rxg6 25. Rxg6+ Kf7 26. Bf4 bxc4 27. Bxe5 dxe5 28. Rxe5 Ncxd5 29. Rxf6+ 1-0

[Event "Mittelfranken-chTB2a 1213"]
[Site "Germany"]
[Date "2013.04.21"]
[Round "9.1"]
[White "Vogiatzis, Dimitrios"]
[Black "Engelmann, Wolfgang"]
[Result "1/2-1/2"]
[WhiteElo "2107"]
[BlackElo "2040"]
[PlyCount "55"]
[EventDate "2012.10.07"]
[EventType "team-tourn"]
[EventRounds "9"]
[EventCountry "GER"]
[SourceTitle "EXT 2019"]
[Source "ChessBase"]
[SourceDate "2018.10.10"]
[SourceVersion "1"]
[SourceVersionDate "2018.10.10"]
[SourceQuality "1"]
[WhiteTeam "Nuernberg NT V"]
[BlackTeam "Rothenburg"]
[WhiteTeamCountry "GER"]
[BlackTeamCountry "GER"]

1. d4 d5 2. e3 Nf6 3. f4 c5 4. Nf3 Nc6 5. c3 Bg4 6. Bd3 e6 7. 0-0 Bd6 8. Qe1 Qc7 9. Ne5 Bf5 10. Be2 0-0-0 11. a4 g5 12. Na3 Bxe5 13. Nb5 Qe7 14. fxe5 Ne8 15. dxc5 Qxc5 16. b4 Qf8 17. Nd4 Nxe5 18. Nxf5 exf5 19. Rxf5 f6 20. Qf1 Qg7 21. b5 Nd6 22. Rxf6 Rhf8 23. Rxf8 Rxf8 24. Qe1 Ne4 25. Ba3 Rf2 26. Rd1 g4 27. Qxf2 Nxf2 28. Kxf2 1/2-1/2

[Event "Mittelfranken-chTB2a 1213"]
[Site "Germany"]
[Date "2013.03.10"]
[Round "8.1"]
[White "Engelmann, Wolfgang"]
[Black "Pikal, Alexander"]
[Result "1/2-1/2"]
[WhiteElo "2040"]
[BlackElo "1904"]
[PlyCount "43"]
[EventDate "2012.10.07"]
[EventType "team-tourn"]
[EventRounds "9"]
[EventCountry "GER"]
[SourceTitle "EXT 2019"]
[Source "ChessBase"]
[SourceDate "2018.10.10"]
[SourceVersion "1"]
[SourceVersionDate "2018.10.10"]
[SourceQuality "1"]
[WhiteTeam "Rothenburg"]
[BlackTeam "Ansbach"]
[WhiteTeamCountry "GER"]
[BlackTeamCountry "GER"]

1. d4 d5 2. c4 c6 3. e3 f5 4. Nc3 e6 5. Bd3 Bd6 6. Bd2 Nf6 7. Qe2 Nbd7 8. cxd5 cxd5 9. Nb5 Nb8 10. Nxd6+ Qxd6 11. Nf3 Nc6 12. 0-0 0-0 13. a3 Re8 14. Rfc1 Ne4 15. Be1 Bd7 16. b4 a6 17. Qb2 Rec8 18. Ne5 Nxe5 19. dxe5 Qb6 20. Rxc8+ Rxc8 21. Rc1 Nc5 22. Qd4 1/2-1/2

[Event "Mittelfranken-chTB2a 1213"]
[Site "Germany"]
[Date "2012.10.21"]
[Round "2.1"]
[White "Engelmann, Wolfgang"]
[Black "Muenster, Manfred"]
[Result "1/2-1/2"]
[WhiteElo "2040"]
[BlackElo "1916"]
[PlyCount "111"]
[EventDate "2012.10.07"]
[EventType "team-tourn"]
[EventRounds "9"]
[EventCountry "GER"]
[SourceTitle "EXT 2019"]
[Source "ChessBase"]
[SourceDate "2018.10.10"]
[SourceVersion "1"]
[SourceVersionDate "2018.10.10"]
[SourceQuality "1"]
[WhiteTeam "Rothenburg"]
[BlackTeam "Heilsbronn"]
[WhiteTeamCountry "GER"]
[BlackTeamCountry "GER"]

1. d4 g6 2. e4 Bg7 3. h4 d6 4. h5 Nc6 5. c3 e5 6. d5 Nce7 7. h6 Bf8 8. g4 Bd7 9. g5 c6 10. c4 Nc8 11. Be3 Be7 12. Qd2 f5 13. gxf6 Nxf6 14. f3 0-0 15. Nc3 Qe8 16. Qg2 Rb8 17. Bd3 a6 18. Nge2 b5 19. dxc6 Bxc6 20. b3 Nb6 21. Nd5 bxc4 22. bxc4 Nbxd5 23. exd5 Bd7 24. Rb1 Rxb1+ 25. Bxb1 Qf7 26. Ng3 Rb8 27. 0-0 Bf8 28. Bg5 Rb4 29. Bd3 Ba4 30. f4 Qa7+ 31. Kh1 Ng4 32. fxe5 Nxe5 33. Qe4 Qd7 34. Qf4 Rb8 35. Be2 Bc2 36. c5 Re8 37. c6 Qa7 38. Bg4 Nxg4 39. Qxg4 Bd3 40. Rc1 Qf2 41. Qf4 Qxa2 42. c7 Qxd5+ 43. Kg1 Rc8 44. Bd8 a5 45. Qe3 Qb3 46. Ne4 Bc4 47. Qf4 Be6 48. Rc3 Qd1+ 49. Kf2 Bf5 50. Ng3 Qd5 51. Re3 Kf7 52. Rf3 Be7 53. Nxf5 gxf5 54. Qg3 Qd4+ 55. Kg2 Qd2+ 56. Rf2 1/2-1/2

[Event "Mittelfranken-chTB2a 1011"]
[Site "Germany"]
[Date "2011.01.23"]
[Round "5.1"]
[White "Engelmann, Wolfgang"]
[Black "Kuhmann, Peter"]
[Result "1-0"]
[WhiteElo "2099"]
[BlackElo "1923"]
[PlyCount "49"]
[EventDate "2010.09.26"]
[EventType "team-tourn"]
[EventRounds "9"]
[EventCountry "GER"]
[SourceTitle "EXT 2012"]
[Source "ChessBase"]
[SourceDate "2011.11.24"]
[SourceVersion "1"]
[SourceVersionDate "2011.11.24"]
[SourceQuality "1"]
[WhiteTeam "Rothenburg/Tauber"]
[BlackTeam "Kirchehrenbach/Ebermannstadt"]
[WhiteTeamCountry "GER"]
[BlackTeamCountry "GER"]

1. e4 d5 2. exd5 Nf6 3. d4 Nxd5 4. c4 Nb4 5. a3 N4c6 6. Be3 e5 7. d5 Ne7 8. Nf3 Ng6 9. Nc3 Be7 10. Bd3 f5 11. g4 0-0 12. gxf5 Bxf5 13. Bxf5 Rxf5 14. Qe2 Nd7 15. 0-0-0 Qf8 16. Nd2 Bc5 17. Nde4 Nf4 18. Qg4 Bd4 19. Bxf4 Bxc3 20. Bh6 Bd4 21. Rhg1 Nc5 22. Bxg7 Bxb2+ 23. Kxb2 Rf4 24. Bxf8+ Rxg4 25. Bxc5 1-0

[Event "Mittelfrankenliga-B2b 0708"]
[Site "Mittelfranken"]
[Date "2007.10.14"]
[Round "1.1"]
[White "Engelmann, Wolfgang"]
[Black "Mueller, Maximilian1111"]
[Result "1-0"]
[WhiteElo "2070"]
[BlackElo "1800"]
[PlyCount "82"]
[EventDate "2007.10.14"]
[EventType "team-tourn"]
[EventRounds "9"]
[EventCountry "GER"]
[SourceTitle "EXT 2011"]
[Source "ChessBase"]
[SourceDate "2010.11.26"]
[SourceVersion "1"]
[SourceVersionDate "2010.11.26"]
[SourceQuality "1"]
[WhiteTeam "Rothenburg"]
[BlackTeam "Buechenbach/Roth II"]
[WhiteTeamCountry "GER"]
[BlackTeamCountry "GER"]

1. Nf3 d6 2. d4 g6 3. e4 Nf6 4. Nc3 Bg7 5. Bc4 0-0 6. 0-0 c6 7. e5 Ng4 8. Bf4 d5 9. Bd3 f6 10. exf6 exf6 11. h3 Nh6 12. Qd2 Nf7 13. Rae1 b5 14. Re2 Bd7 15. Rfe1 Re8 16. Nd1 Na6 17. c3 Nc7 18. Qc2 Ne6 19. Bc1 Qc7 20. g3 Nf8 21. Kg2 Rxe2 22. Rxe2 Re8 23. Rxe8 Bxe8 24. a4 a6 25. axb5 axb5 26. b3 Qa7 27. c4 dxc4 28. bxc4 bxc4 29. Bxc4 Kh8 30. Bb2 Nd6 31. Bb3 Nf5 32. Qc4 Nh6 33. Ne3 Bf7 34. Qb4 c5 35. dxc5 Bxb3 36. Qxb3 Qxc5 37. Nd5 Ng8 38. Qb7 Qd6 39. Ng5 Nh6 40. Ne4 Qd7 41. Qa8 f5 1-0

[Event "Mittelfrankenliga-B2b 0607"]
[Site "Mittelfranken"]
[Date "2006.11.12"]
[Round "2.1"]
[White "Roeber, Juergen"]
[Black "Engelmann, Wolfgang"]
[Result "1/2-1/2"]
[WhiteElo "1992"]
[BlackElo "2106"]
[PlyCount "125"]
[EventDate "2006.10.22"]
[EventType "team-tourn"]
[EventRounds "9"]
[EventCountry "GER"]
[SourceTitle "EXT 2011"]
[Source "ChessBase"]
[SourceDate "2010.11.26"]
[SourceVersion "1"]
[SourceVersionDate "2010.11.26"]
[SourceQuality "1"]
[WhiteTeam "Postbauer II"]
[BlackTeam "Rothenburg"]
[WhiteTeamCountry "GER"]
[BlackTeamCountry "GER"]

1. e4 c6 2. d4 d5 3. Nc3 dxe4 4. Nxe4 Bf5 5. Ng3 Bg6 6. Nf3 e6 7. h4 h6 8. Bd3 Bxd3 9. Qxd3 Nd7 10. Bd2 Ngf6 11. 0-0-0 Qc7 12. Rhe1 0-0-0 13. Ne4 Nxe4 14. Qxe4 Nf6 15. Qe2 Bd6 16. Ne5 Kb8 17. Nc4 Bf4 18. g3 Bxd2+ 19. Rxd2 Rd5 20. Red1 Rhd8 21. Ne3 R5d7 22. Ng4 Nxg4 23. Qxg4 g6 24. Qe4 Rd5 25. c4 Rf5 26. Kb1 h5 27. d5 Qa5 28. d6 Rd7 29. f4 e5 30. fxe5 Qxe5 31. Qxe5 Rxe5 32. b4 b6 33. Rc2 c5 34. bxc5 Rxc5 35. Re2 Kb7 36. Re7 Kc6 37. Rf1 f5 38. Rd1 Rxc4 39. Re6 Rg4 40. Rd3 Kc5 41. Kc2 b5 42. Re5+ Kc6 43. Re6 a5 44. Kb3 a4+ 45. Kc3 b4+ 46. Kc2 f4 47. gxf4 Rxf4 48. Rxg6 Rxh4 49. Rd2 Rh3 50. Rh6 Kc5 51. Rf6 b3+ 52. axb3 axb3+ 53. Kb2 Ra7 54. Rd1 Rd7 55. Rf5+ Kc6 56. Rf6 h4 57. Rh6 Kc5 58. Rf6 Rg3 59. Rf5+ Kc6 60. Rh5 h3 61. Rh6 Rf3 62. Rc1+ Kb6 63. Rc3 1/2-1/2

[Event "Mittelfranken-chT 0405"]
[Site "Germany"]
[Date "2005.04.17"]
[Round "9.1"]
[White "Engelmann, Wolfgang"]
[Black "Hetzner, Helmut"]
[Result "1-0"]
[WhiteElo "2146"]
[BlackElo "1944"]
[PlyCount "115"]
[EventDate "2004.10.17"]
[EventType "team"]
[EventRounds "9"]
[EventCountry "GER"]
[SourceTitle "EXT 2007"]
[Source "ChessBase"]
[SourceDate "2006.11.23"]
[SourceVersion "1"]
[SourceVersionDate "2006.11.23"]
[SourceQuality "1"]

1. d4 Nf6 2. Bg5 c5 3. Bxf6 gxf6 4. dxc5 Nc6 5. Nc3 Qa5 6. Qd2 Qxc5 7. Nf3 Bg7 8. e3 d6 9. 0-0-0 Be6 10. Nd4 f5 11. Nxe6 fxe6 12. Nb5 Rc8 13. c3 Kf7 14. Kb1 a6 15. Nd4 Ne5 16. Be2 h5 17. h4 b5 18. Rc1 Nc4 19. Qd1 b4 20. Bxh5+ Kf6 21. Be2 e5 22. Qd3 e4 23. Qxc4 Qxc4 24. Bxc4 Rxc4 25. cxb4 Rxb4 26. g3 e5 27. Ne2 Rhb8 28. Rc2 d5 29. a3 Rb3 30. Ka2 Kg6 31. Nc1 R3b6 32. b4 d4 33. Nb3 d3 34. Rc7 Rd8 35. Nd2 Bf6 36. Rhc1 Kh5 37. R1c6 Rd6 38. Rxb6 Rxb6 39. Kb3 Rd6 40. a4 Kg4 41. b5 axb5 42. axb5 Bd8 43. Rc6 Rd7 44. Rg6+ Kh3 45. b6 Kg2 46. h5 Kxf2 47. h6 Kxe3 48. Nc4+ Ke2 49. Rg7 Rd6 50. b7 d2 51. Nxd2 Rxh6 52. Nc4 Bf6 53. Rg8 f4 54. b8Q f3 55. Qf8 Rh1 56. Qxf6 f2 57. Qxe5 f1Q 58. Qxe4+ 1-0

[Event "Mittelfranken-chT 0405"]
[Site "Germany"]
[Date "2004.10.17"]
[Round "1.1"]
[White "Muenster, Erich"]
[Black "Engelmann, Wolfgang"]
[Result "1/2-1/2"]
[WhiteElo "2087"]
[BlackElo "2146"]
[PlyCount "55"]
[EventDate "2004.10.17"]
[EventType "team"]
[EventRounds "9"]
[EventCountry "GER"]
[SourceTitle "EXT 2007"]
[Source "ChessBase"]
[SourceDate "2006.11.23"]
[SourceVersion "1"]
[SourceVersionDate "2006.11.23"]
[SourceQuality "1"]

1. e4 e5 2. Nc3 Nc6 3. Bc4 Nf6 4. d3 Na5 5. Bb3 Nxb3 6. axb3 d5 7. Bg5 dxe4 8. Nxe4 Be7 9. Nxf6+ gxf6 10. Bd2 Qd5 11. Qf3 Be6 12. Ra5 Qxf3 13. Nxf3 Rg8 14. Rg1 a6 15. Ke2 0-0-0 16. h3 h5 17. Ra4 Rh8 18. Rga1 Bd5 19. Ne1 Bc6 20. Ra5 h4 21. b4 Rhg8 22. f3 Kd7 23. c4 Ke6 24. Bc3 Bf8 25. Rd1 Rg5 26. Bd2 Rg6 27. Bc3 Be7 28. Rd2 1/2-1/2